Search the Library Catalogue
| 000 -LEADER | |
|---|---|
| fixed length control field | 00572nam a2200181Ia 4500 |
| 008 - FIXED-LENGTH DATA ELEMENTS--GENERAL INFORMATION | |
| fixed length control field | 191130s2007##################000#0#eng## |
| 020 ## - INTERNATIONAL STANDARD BOOK NUMBER | |
| International Standard Book Number | 9781843764342 |
| 040 ## - CATALOGING SOURCE | |
| Original cataloging agency | ACL |
| Transcribing agency | ACL |
| 082 ## - DEWEY DECIMAL CLASSIFICATION NUMBER | |
| Classification number | 338.6048 JON |
| 100 ## - MAIN ENTRY--PERSONAL NAME | |
| Personal name | De Jong, Henry w |
| 245 ## - TITLE STATEMENT | |
| Title | Pioneers of industrial organization : how the economics of competition and monopoly took shape |
| Statement of responsibility, etc. | Henry W. de Jong |
| 260 ## - PUBLICATION, DISTRIBUTION, ETC. | |
| Place of publication, distribution, etc. | Cheltenham, UK ; Northampton, MA |
| Name of publisher, distributor, etc. | Edward Elgar |
| Date of publication, distribution, etc. | 2007 |
| 300 ## - PHYSICAL DESCRIPTION | |
| Extent | 309 p.23 cm |
| 650 ## - SUBJECT ADDED ENTRY--TOPICAL TERM | |
| Topical term or geographic name entry element | Economics |
| 990 ## - EQUIVALENCES OR CROSS-REFERENCES [LOCAL, CANADA] | |
| Link information for 9XX fields | 85b75ecfac10000c4ca0a942254558d7 |
| 991 ## - | |
| -- | 197316 |
| Withdrawn status | Lost status | Materials specified (bound volume or other part) | Damaged status | Not for loan | Home library | Current library | Shelving location | Date acquired | Total Checkouts | Full call number | Barcode | Date last seen | Price effective from | Koha item type |
|---|---|---|---|---|---|---|---|---|---|---|---|---|---|---|
| hbk | Anna Centenary Library | Anna Centenary Library | 4TH FLOOR, A WING | 09.10.2020 | 338.6048 JON | 358984 | 09.10.2020 | 09.10.2020 | English Books |